Terrorismus, Crash und Krise in der Literatur : Spanischsprachige Krisenerzählungen des 21. Jahrhunderts /

Krisenszenarien prägen das 21. Jahrhundert und stellen die betroffenen Gesellschaften vor drängende Herausforderungen. Ihre Omnipräsenz zeigt sich auch in zahlreichen literarischen Erzählungen, die diesen Topos zum Thema haben. Rebecca Kaewert widmet sich den Spezifika des literarischen Krisendiskur...

Full description

Bibliographic Details
Main Author: Kaewert, Rebecca (Author)
Corporate Author: Walter de Gruyter & Co
Format: eBook
Language:German
Language Notes:In German.
Published: Bielefeld : transcript Verlag, [2023]
Series:Gegenwartsliteratur : TRSGELI ; 21
Subjects:
Online Access:Connect to the full text of this electronic book

MARC

Tag First Indicator Second Indicator Subfields
LEADER 00000cam a22000007i 4500
001 in00004776894
006 m o d
007 cr |||||||||||
008 230228t20232023gw fod 000 0 ger d
005 20240212223845.1
035 |a (OCoLC)on1371573918 
040 |a DEGRU  |b eng  |e rda  |c DEGRU  |d YDX  |d N$T  |d OCLCF  |d UKKNU  |d EBLCP  |d OCLCO 
019 |a 1371953928 
020 |a 3839465176 
020 |a 9783839465172  |q (electronic bk.) 
024 7 |a 10.1515/9783839465172  |2 doi 
035 |a (OCoLC)1371573918  |z (OCoLC)1371953928 
050 4 |a PQ6035 
072 7 |a LIT004280  |2 bisacsh 
082 0 4 |a 860.9  |2 23/eng/20230405 
049 |a TXAM 
100 1 |a Kaewert, Rebecca,  |e author.  |4 aut  |4 http://id.loc.gov/vocabulary/relators/aut 
245 1 0 |a Terrorismus, Crash und Krise in der Literatur :  |b Spanischsprachige Krisenerzählungen des 21. Jahrhunderts /  |c Rebecca Kaewert. 
264 1 |a Bielefeld :  |b transcript Verlag,  |c [2023] 
264 4 |c ©2023 
300 |a 1 online resource (306 pages). 
336 |a text  |b txt  |2 rdacontent 
337 |a computer  |b c  |2 rdamedia 
338 |a online resource  |b cr  |2 rdacarrier 
347 |a text file  |b PDF  |2 rda 
490 0 |a Gegenwartsliteratur : TRSGELI ;  |v 21 
505 0 0 |t Frontmatter --  |t Inhalt --  |t Danksagung --  |t 1. Einleitung --  |t 1.1 Themenhinführung --  |t 1.2 Forschungsstand --  |t 1.3 Struktur und methodisches Vorgehen --  |t 2. Theoretische Bezüge: Krise, Konflikt, Katastrophe --  |t 2.1 Transdisziplinäre Krisenbegriffe --  |t 2.2 Krise als Ereignis --  |t 2.3 Abgrenzung: Krise -- Konflikt -- Katastrophe --  |t 2.4 Funktionen von Krisenaneignungen --  |t 3. Die literarische Aneignung von Krisen ab der Jahrtausendwende --  |t 3.0 Vorstellung der Analysekategorien --  |t 3.1 Las viudas de los jueves (2005): Wirtschaftskrise und gesellschaftliche Spaltung in Argentinien --  |t 3.2 En la orilla (2013): Wirtschaftskrise und Perspektivlosigkeit in Spanien --  |t 3.3 Abril rojo (2006): Kampf gegen Terrorismus und Korruption in Peru --  |t 3.4 Patria (2016): ETA Terror, Erinnern und Vergeben im Baskenland --  |t 4. Typologie der Krise in spanischsprachigen Erzähltexten ab der Jahrtausendwende --  |t 5. Schlussbetrachtung --  |t 6. Literaturverzeichnis 
520 |a Krisenszenarien prägen das 21. Jahrhundert und stellen die betroffenen Gesellschaften vor drängende Herausforderungen. Ihre Omnipräsenz zeigt sich auch in zahlreichen literarischen Erzählungen, die diesen Topos zum Thema haben. Rebecca Kaewert widmet sich den Spezifika des literarischen Krisendiskurses ab der Jahrtausendwende anhand von vier zeitgenössischen spanischen und hispanoamerikanischen Erzähltexten. Sie entwickelt einen multiperspektivischen Ansatz zur Analyse und Interpretation literarischer Krisenaneignungen: Auf Grundlage politikwissenschaftlicher, soziologischer und psychologisch motivierter Krisenkonzeptionen werden narrativer Strategien, Funktionen und Wirkungen berücksichtigt. 
536 |a funded by Staats- und Universitätsbibliothek Bremen 
546 |a In German. 
588 0 |a Description based on online resource; title from PDF title page (publisher's Web site, viewed 28. Feb 2023). 
650 0 |a Spanish literature  |x History and criticism. 
650 0 |a Crises in literature. 
650 4 |a 21. Jahrhundert. 
650 4 |a Allgemeine Literaturwissenschaft. 
650 4 |a Argentinien. 
650 4 |a Baskenland. 
650 4 |a ETA. 
650 4 |a Gesellschaft. 
650 4 |a Konfliktforschung. 
650 4 |a Krisenerzählung. 
650 4 |a Literatur. 
650 4 |a Literaturwissenschaft. 
650 4 |a Peru. 
650 4 |a Romanistik. 
650 4 |a Spanien. 
650 4 |a Spanische Literatur. 
650 4 |a Terrorismus. 
650 4 |a Wirtschaftskrisen. 
650 6 |a Littérature espagnole  |x Histoire et critique. 
650 6 |a Crises (Sciences sociales) dans la littérature. 
650 7 |a LITERARY CRITICISM / European / Spanish & Portuguese.  |2 bisacsh 
650 7 |a Crises in literature  |2 fast 
650 7 |a Spanish literature  |2 fast 
653 |a 21st Century. 
653 |a Argentina. 
653 |a Basque Country. 
653 |a Conflict Studies. 
653 |a Crisis Narrative. 
653 |a Economic Crises. 
653 |a Literary Studies. 
653 |a Literature. 
653 |a Peru. 
653 |a Romance Studies. 
653 |a Society. 
653 |a Spain. 
653 |a Spanish Literature. 
653 |a Terrorism. 
655 7 |a Electronic books.  |2 local 
655 7 |a Criticism, interpretation, etc.  |2 fast 
710 2 |a Walter de Gruyter & Co. 
710 2 |a Staats- und Universitätsbibliothek Bremen,  |e funder.  |4 fnd  |4 http://id.loc.gov/vocabulary/relators/fnd 
856 4 0 |u https://www.degruyter.com/openurl?genre=book&isbn=9783839465172  |z Connect to the full text of this electronic book  |t 0 
955 |a De Gruyter Open Access ebooks 
994 |a 92  |b TXA 
999 f f |s 84ea09bd-b435-4ec2-b3cc-6db15cae3fdb  |i 035215ba-a14e-4492-8d6c-7c94fc6eb205  |t 0 
952 f f |a Texas A&M University  |b College Station  |c Electronic Resources  |d Available Online  |t 0  |e PQ6035   |h Library of Congress classification 
998 f f |a PQ6035   |t 0  |l Available Online